Normal view
MARC view
Entry Topical Term
001 - CONTROL NUMBER
- control field: 9364
003 - CONTROL NUMBER IDENTIFIER
- control field: BD-RjUL
005 - DATE AND TIME OF LATEST TRANSACTION
- control field: 20231004125459.0
008 - FIXED-LENGTH DATA ELEMENTS
- fixed length control field: 231004|| aca||aabn | a|a d
040 ## - CATALOGING SOURCE
- Original cataloging agency: BD-RjUL
- Transcribing agency: BD-RjUL
150 ## - HEADING--TOPICAL TERM
- Topical term or geographic name entry element: Persian poetry
- Chronological subdivision: 13th century
- General subdivision: History and criticism
670 ## - SOURCE DATA FOUND
- Source citation: Work cat.: (BD-RjUL)82046: اشرفزاده، رضا، ;; Ashrafzadeh, Reza, 1947 أو 1948- مؤلف 9361, فرهنگ كاربرد أيات و روايات در شعر شيخ فريد الدين عطار نيشابورى /Cultural application of verses and traditions in the poetry of Sheikh Fariduddin Attar Neshaburi /